[Event "Russian Championship B15 1st league 2016"]
[Site "Loo"]
[Date "2016.04.20"]
[Round "1.5"]
[White "Adyrbaev, Albert"]
[Black "Shirinkin, Pavel"]
[Result "1-0"]
[WhiteElo "2022"]
[BlackElo "1676"]
[PlyCount "151"]
[EventDate "2016.04.20"]

1. Nf3 Nf6 2. g3 g6 3. Bg2 Bg7 4. O-O O-O 5. c4 d6 6. d4 Nbd7 7. Nc3 Re8 8. e4
e5 9. dxe5 Nxe5 10. Nxe5 dxe5 11. Qc2 c6 12. b3 Nh5 13. Ba3 f5 14. Rad1 Qc7 15.
Bd6 Qf7 16. Qe2 f4 17. g4 Nf6 18. f3 g5 19. Rd2 h5 20. h3 Bf8 21. c5 Nd7 22.
Na4 b6 23. cxb6 axb6 24. Rc1 Bb7 25. Bf1 Re6 26. Bxf8 Kxf8 27. Rcd1 Bc8 28. Qf2
b5 29. Nc5 Nxc5 30. Qxc5+ Kg7 31. a4 Qa7 32. Qxa7+ Rxa7 33. axb5 cxb5 34. Bxb5
hxg4 35. hxg4 Rc7 36. Bc4 Rh6 37. Rd5 Re7 38. Rc5 Bb7 39. b4 Rh3 40. Kg2 Rg3+
41. Kf2 Rh3 42. Rd8 Rh2+ 43. Kg1 Rb2 44. b5 Rc2 45. Kf1 Kf6 46. Rd6+ Kg7 47.
Ke1 Kf8 48. Kd1 Rc3 49. Rd3 Rxd3+ 50. Bxd3 Ke8 51. Kc2 Kd8 52. Kb3 Kd7 53. Kb4
Kd6 54. Rc3 Rc7 55. Rxc7 Kxc7 56. Kc5 Ba8 57. b6+ Kb7 58. Bb5 Kb8 59. Bc6 Bxc6
60. Kxc6 Kc8 61. Kd6 Kb7 62. Kxe5 Kxb6 63. Kd6 Kb7 64. Kd7 Kb6 65. e5 Kc5 66.
e6 Kd4 67. e7 Ke3 68. e8=Q+ Kxf3 69. Qh5 Kg3 70. Qxg5 f3 71. Qf5 f2 72. g5 Kg2
73. g6 f1=Q 74. Qxf1+ Kxf1 75. g7 Ke2 76. g8=Q 1-0

[Event "Russian Championship B15 1st league 2016"]
[Site "Loo"]
[Date "2016.04.20"]
[Round "1.6"]
[White "Gorbunov, Semen"]
[Black "Avalyan, Artur"]
[Result "0-1"]
[WhiteElo "1675"]
[BlackElo "2021"]
[PlyCount "72"]
[EventDate "2016.04.20"]

1. e4 c5 2. Nc3 Nc6 3. Nf3 g6 4. Bc4 Bg7 5. d3 e6 6. Be3 d6 7. O-O Nge7 8. Qd2
Nd4 9. Bxd4 cxd4 10. Ne2 Qb6 11. c3 dxc3 12. Nxc3 O-O 13. Rac1 a6 14. Bb3 Bd7
15. Qf4 h6 16. Rc2 Rad8 17. Rfc1 Nc6 18. Bc4 Bc8 19. a3 Qa7 20. Ne2 d5 21. exd5
exd5 22. Ba2 Bf5 23. Rd1 Rfe8 24. Ng3 Be6 25. b4 g5 26. Qd2 Bg4 27. Re1 Bxf3
28. gxf3 Nd4 29. Rxe8+ Rxe8 30. Kg2 Nxc2 31. Qxc2 Qd4 32. Nf5 Qa1 33. Bxd5 Re1
34. Qc8+ Bf8 35. Nxh6+ Kh7 36. Qxf8 Rg1+ 0-1

[Event "Russian Championship B15 1st league 2016"]
[Site "Loo"]
[Date "2016.04.20"]
[Round "1.7"]
[White "Novikov, Roman"]
[Black "Stepanenko, Kirill"]
[Result "1/2-1/2"]
[WhiteElo "2021"]
[BlackElo "1670"]
[PlyCount "112"]
[EventDate "2016.04.20"]

1. e4 c5 2. Nf3 e6 3. c3 d5 4. e5 Nc6 5. d4 Qb6 6. a3 Nge7 7. b4 cxb4 8. cxb4
Nf5 9. Be3 Bd7 10. Nc3 Be7 11. Bd3 Nxe3 12. fxe3 Rc8 13. Na4 Qd8 14. Nc5 Bxc5
15. bxc5 Qa5+ 16. Nd2 Qc3 17. Ke2 f5 18. exf6 gxf6 19. Qb3 Qxb3 20. Nxb3 Ke7
21. Kf2 h6 22. e4 dxe4 23. Bxe4 f5 24. Bf3 b6 25. Rhe1 bxc5 26. dxc5 Kf6 27.
Rad1 Rh7 28. Rd6 Ne5 29. Red1 Ba4 30. Bd5 Re7 31. h3 Bxb3 32. Bxb3 Rxc5 33. Re1
Rc3 34. Re3 Rxe3 35. Kxe3 Nf7 36. Rc6 Nd8 37. Rd6 Rg7 38. Kf2 Rb7 39. Bc4 Ke7
40. Ra6 Rc7 41. Bb3 h5 42. Bd1 h4 43. Ra4 Rd7 44. Bf3 Nf7 45. Rxh4 Rd3 46. Rh7
Kf6 47. Bh5 Rd7 48. Bxf7 Rxf7 49. Rxf7+ Kxf7 50. Kf3 Kf6 51. g4 a6 52. Kf4 e5+
53. Kf3 f4 54. h4 Kg6 55. Ke4 Kf6 56. Kf3 Kg6 1/2-1/2

[Event "Russian Championship B15 1st league 2016"]
[Site "Loo"]
[Date "2016.04.20"]
[Round "1.8"]
[White "Dobrynin, Yaroslav"]
[Black "Marchenko, Nikolay"]
[Result "0-1"]
[WhiteElo "1668"]
[BlackElo "1995"]
[PlyCount "98"]
[EventDate "2016.04.20"]

1. d4 d6 2. Nf3 Bg4 3. c4 Bxf3 4. exf3 Nf6 5. Nc3 Nbd7 6. Be3 c6 7. Be2 e6 8.
O-O Be7 9. Rb1 d5 10. cxd5 Nxd5 11. Nxd5 cxd5 12. b4 Rc8 13. Qb3 O-O 14. Rfc1
Qb6 15. a3 Qd6 16. Rc2 Rxc2 17. Qxc2 Nb6 18. Rc1 Rc8 19. Qd2 Qd7 20. Kf1 a6 21.
Ke1 Nc4 22. Bxc4 dxc4 23. Rc3 Qd5 24. Qc2 f5 25. Qe2 Bf6 26. Rc1 Kf7 27. Qd2
Be7 28. Bf4 a5 29. Qc3 axb4 30. axb4 b5 31. Be5 Ra8 32. Bc7 Bd6 33. Bxd6 Qxd6
34. g3 Ra4 35. Rb1 Qa6 36. Qc1 Ra3 37. Qf4 Qc6 38. Ke2 c3 39. Rc1 Qc4+ 40. Ke1
c2 41. Qd2 Ra2 42. f4 Rb2 43. f3 Rb1 44. Kf2 Rxc1 45. Qxc1 Qxd4+ 46. Ke2 Qc4+
47. Ke3 Qb3+ 48. Kd2 Qxb4+ 49. Kxc2 Qc4+ 0-1

[Event "Russian Championship B15 1st league 2016"]
[Site "Loo"]
[Date "2016.04.20"]
[Round "1.9"]
[White "Rovnov, Vladislav"]
[Black "Volkov, Grigoriy"]
[Result "1-0"]
[WhiteElo "1993"]
[BlackElo "1667"]
[PlyCount "47"]
[EventDate "2016.04.20"]

1. e4 e5 2. Nf3 Nc6 3. d4 exd4 4. Nxd4 Nf6 5. Nxc6 bxc6 6. e5 Nd5 7. c4 Nb6 8.
Bd3 Be7 9. O-O O-O 10. Qc2 h6 11. Nc3 d5 12. Rd1 Bg4 13. f3 Bc5+ 14. Kh1 Be6
15. b3 Qe7 16. cxd5 Nxd5 17. Nxd5 Bxd5 18. Bb2 Be3 19. Re1 Bf4 20. Qf2 Qd7 21.
Rad1 Qc8 22. Qd4 g5 23. e6 fxe6 24. Qg7# 1-0

[Event "Russian Championship B15 1st league 2016"]
[Site "Loo"]
[Date "2016.04.20"]
[Round "1.10"]
[White "Galkin, Vladislav"]
[Black "Slugin, Yaroslav"]
[Result "0-1"]
[WhiteElo "1659"]
[BlackElo "1989"]
[PlyCount "62"]
[EventDate "2016.04.20"]

1. d4 b5 2. Nf3 a6 3. g3 Bb7 4. Bg2 e6 5. O-O c5 6. c3 Nf6 7. Nbd2 d6 8. dxc5
dxc5 9. Nb3 Nbd7 10. Bf4 Be7 11. Nbd2 O-O 12. Qc2 h6 13. e4 Qb6 14. h3 Rfd8 15.
Rfe1 c4 16. e5 Nd5 17. Nd4 Nc5 18. Bf1 Rd7 19. b4 cxb3 20. axb3 Rc8 21. Ne2 g5
22. Be3 Nxe3 23. fxe3 Qc6 24. e4 Rxd2 25. Qxd2 Qxe4 26. Nd4 Qh1+ 27. Kf2 Qh2+
28. Ke3 Qxg3+ 29. Ke2 Ne4 30. Qe3 Qh2+ 31. Kf3 Nf6+ 0-1

[Event "Russian Championship B15 1st league 2016"]
[Site "Loo"]
[Date "2016.04.20"]
[Round "1.11"]
[White "Rogotskiy, Yuriy"]
[Black "Kolkhidov, Azamat"]
[Result "1-0"]
[WhiteElo "1967"]
[BlackElo "1655"]
[PlyCount "61"]
[EventDate "2016.04.20"]

1. d4 d5 2. c4 c6 3. Nf3 Nf6 4. Nc3 e6 5. Bg5 Bb4 6. e3 Nbd7 7. Bd3 Qa5 8. O-O
Bxc3 9. bxc3 Qxc3 10. Rc1 Qa3 11. c5 Qa5 12. Qc2 h6 13. Bf4 O-O 14. Bd6 Re8 15.
h3 Ne4 16. Bxe4 dxe4 17. Ne5 Nxe5 18. dxe5 Bd7 19. a4 b5 20. axb5 Qxb5 21. Qxe4
a5 22. Rb1 Qe2 23. Rfe1 Qa2 24. Rb7 Bc8 25. Rc7 Ra6 26. Qf4 Kh7 27. Qxf7 Rg8
28. Bf8 Qd2 29. Bxg7 Qxe1+ 30. Kh2 Qxf2 31. Bf6+ 1-0

[Event "Russian Championship B15 1st league 2016"]
[Site "Loo"]
[Date "2016.04.20"]
[Round "1.12"]
[White "Mamoshin, Oleg"]
[Black "Moskvin, Anatoly"]
[Result "0-1"]
[WhiteElo "1655"]
[BlackElo "1960"]
[PlyCount "64"]
[EventDate "2016.04.20"]

1. e4 e5 2. Nf3 Nc6 3. Bb5 Nge7 4. O-O a6 5. Bc4 Ng6 6. c3 Be7 7. d4 d6 8. Be3
h6 9. Nbd2 Bd7 10. Qe2 Bg5 11. Nxg5 hxg5 12. Qf3 Nf4 13. Bxf4 gxf4 14. d5 Qh4
15. h3 Ne7 16. Rfc1 g5 17. Be2 g4 18. Qd3 f3 19. Bf1 fxg2 20. Bxg2 gxh3 21. Bh1
Ng6 22. Qg3 Qh6 23. Nf3 Nf4 24. Kf1 Qh7 25. Nh2 Rg8 26. Qf3 Rg2 27. Bxg2 hxg2+
28. Kg1 O-O-O 29. Re1 Qxh2+ 30. Kxh2 Rh8+ 31. Qh3 Rxh3+ 32. Kg1 Rh1# 0-1

[Event "Russian Championship B15 1st league 2016"]
[Site "Loo"]
[Date "2016.04.20"]
[Round "1.13"]
[White "Mishin, Viacheslav"]
[Black "Dzagov, Kambulat"]
[Result "1-0"]
[WhiteElo "1949"]
[BlackElo "1651"]
[PlyCount "53"]
[EventDate "2016.04.20"]

1. e4 d5 2. exd5 Qxd5 3. Nc3 Qd6 4. d4 Nf6 5. Nf3 c6 6. Ne5 Be6 7. Bf4 Qd8 8.
Be2 Nbd7 9. Qd2 Nxe5 10. Bxe5 Qd7 11. O-O-O O-O-O 12. Bg3 g6 13. Qf4 Qd6 14.
Qg5 Qd7 15. Qe5 Qd6 16. Qa5 Bh6+ 17. Kb1 Bf4 18. Qxa7 Bxg3 19. hxg3 Bg4 20. f3
Be6 21. Na4 Nd7 22. d5 cxd5 23. Rd3 Ne5 24. Rc3+ Nc6 25. Bb5 Qb8 26. Nb6+ Kc7
27. Rxc6# 1-0

[Event "Russian Championship B15 1st league 2016"]
[Site "Loo"]
[Date "2016.04.20"]
[Round "1.14"]
[White "Pochtarenko, Dmitrii"]
[Black "Dolgikh, Evgeniy"]
[Result "0-1"]
[WhiteElo "1647"]
[BlackElo "1938"]
[PlyCount "62"]
[EventDate "2016.04.20"]

1. e4 c5 2. Nf3 Nf6 3. Nc3 d5 4. exd5 Nxd5 5. Bc4 Nxc3 6. bxc3 e6 7. O-O Nc6 8.
d4 Be7 9. Be3 O-O 10. Qe2 Qa5 11. Bd2 Bf6 12. Bd3 Rd8 13. Qe4 g6 14. h4 Qa3 15.
Qf4 Bg7 16. Rfb1 cxd4 17. Rb3 Qf8 18. cxd4 Nxd4 19. Nxd4 Rxd4 20. Qg5 Rd5 21.
Qe3 Bxa1 22. c3 Qd8 23. c4 Bd4 24. Qf3 Rd7 25. h5 Qf6 26. Qg3 b6 27. hxg6 hxg6
28. Bg5 Bxf2+ 29. Kh1 Qa1+ 30. Rb1 Qxb1+ 31. Bxb1 Bxg3 0-1

[Event "Russian Championship B15 1st league 2016"]
[Site "Loo"]
[Date "2016.04.20"]
[Round "1.15"]
[White "Volkov, Andrey"]
[Black "Shaidullin, Ratmir"]
[Result "1/2-1/2"]
[WhiteElo "1935"]
[BlackElo "1647"]
[PlyCount "80"]
[EventDate "2016.04.20"]

1. e4 e6 2. d4 d5 3. e5 c5 4. c3 Nc6 5. Nf3 Qb6 6. a3 Bd7 7. b4 cxd4 8. cxd4
Nge7 9. Bb2 Nf5 10. Be2 Be7 11. O-O O-O 12. Bd3 Kh8 13. Bxf5 exf5 14. Nc3 Be6
15. Qd3 Rac8 16. Na4 Qc7 17. Rac1 Qd7 18. Nc5 Bxc5 19. Rxc5 Ne7 20. Rfc1 Rxc5
21. Rxc5 Rc8 22. Qc2 b6 23. Rxc8+ Nxc8 24. Ne1 b5 25. Nd3 Nb6 26. Nc5 Qc6 27.
Bc1 h6 28. Kf1 Kg8 29. Ke2 Nc4 30. a4 a6 31. axb5 Qxb5 32. Qa4 Nb6+ 33. Qxb5
axb5 34. Na6 Kh7 35. Kf3 g5 36. Nc5 Bc8 37. g3 Kg6 38. h4 Nc4 39. Nd3 Nb6 40.
Kg2 Nc4 1/2-1/2

[Event "Russian Championship B15 1st league 2016"]
[Site "Loo"]
[Date "2016.04.20"]
[Round "1.16"]
[White "Zharikov, Dmitry"]
[Black "Permin, Viktor"]
[Result "0-1"]
[WhiteElo "1644"]
[BlackElo "1930"]
[PlyCount "96"]
[EventDate "2016.04.20"]

1. e4 c5 2. c4 Nc6 3. Ne2 Nd4 4. d3 g6 5. Nbc3 Bg7 6. Be3 d6 7. Qd2 a6 8. Nd5
e6 9. Ndc3 Ne7 10. Bxd4 cxd4 11. Nb1 O-O 12. g3 Bd7 13. Bg2 Bc6 14. O-O d5 15.
exd5 exd5 16. c5 Nf5 17. Bh3 Bd7 18. Bxf5 Bxf5 19. Qc2 Rc8 20. Nd2 Bg4 21. Nb3
b6 22. f3 Bh3 23. Rfc1 bxc5 24. Nxc5 Qe7 25. Nf4 Rxc5 26. Qxc5 Qe3+ 27. Kh1
Qxf3+ 28. Kg1 Qe3+ 29. Kh1 Qf3+ 30. Kg1 Qe3+ 31. Kh1 Rc8 32. Qxc8+ Bxc8 33.
Rxc8+ Bf8 34. Rac1 g5 35. Ng2 Qxd3 36. a3 Kg7 37. Kg1 Qb3 38. R8c7 Bd6 39. Rd7
Be5 40. Rf1 Bf6 41. Rd6 Be5 42. Rd7 d3 43. Rdxf7+ Kg6 44. h4 d2 45. hxg5 d1=Q
46. Nh4+ Kh5 47. Rxh7+ Kg4 48. Ng2 Bd4+ 0-1

[Event "Russian Championship B15 1st league 2016"]
[Site "Loo"]
[Date "2016.04.20"]
[Round "1.17"]
[White "Arbuzov, Mikhail"]
[Black "Seleznev, Iliya"]
[Result "1-0"]
[WhiteElo "1925"]
[BlackElo "1632"]
[PlyCount "71"]
[EventDate "2016.04.20"]

1. d4 Nf6 2. c4 c5 3. d5 b5 4. Qc2 d6 5. e4 g6 6. cxb5 a6 7. Nc3 Bg7 8. Be2 O-O
9. Nf3 Nfd7 10. O-O Ne5 11. Nxe5 Bxe5 12. Be3 axb5 13. Bxb5 Ba6 14. Bxa6 Nxa6
15. Bh6 Re8 16. f4 Bd4+ 17. Kh1 Qb6 18. f5 Reb8 19. fxg6 hxg6 20. b3 Qa5 21.
Bd2 Nb4 22. Qd1 Qa6 23. Qf3 f6 24. Qh3 Qc8 25. Qh6 Qe8 26. Rf3 Qf7 27. Rg3 g5
28. h4 Bf2 29. Rg4 Qg7 30. hxg5 Kf7 31. g6+ Kf8 32. Qh5 Ke8 33. Bh6 Qg8 34. g7+
Kd7 35. Qf5+ Kc7 36. Qxf2 1-0

[Event "Russian Championship B15 1st league 2016"]
[Site "Loo"]
[Date "2016.04.20"]
[Round "1.18"]
[White "Prishibilovich, Matvei"]
[Black "Stepanov, Andrey"]
[Result "1/2-1/2"]
[WhiteElo "1629"]
[BlackElo "1922"]
[PlyCount "113"]
[EventDate "2016.04.20"]

1. d4 Nf6 2. c4 g6 3. Nc3 d5 4. cxd5 Nxd5 5. Bd2 Nb6 6. Bf4 Bg7 7. e3 O-O 8.
Rc1 c6 9. Nf3 N8d7 10. Bd3 Nf6 11. e4 Re8 12. h3 Nh5 13. Be3 Be6 14. b3 Rc8 15.
O-O Qc7 16. d5 Bd7 17. dxc6 Bxc6 18. Nb5 Qb8 19. a4 Rcd8 20. Qe2 a6 21. Nbd4
Bd7 22. Rfd1 Nf4 23. Qf1 Nxd3 24. Rxd3 Na8 25. Ne2 Bc6 26. Ng3 e5 27. Rcd1 Rxd3
28. Qxd3 Bf8 29. Bg5 Nb6 30. Qe3 Nd7 31. Bh6 Bc5 32. Qc3 Qa7 33. Rd2 Qb6 34.
Qc4 Qb4 35. Qc2 Nf8 36. Ne1 Bd4 37. Nd3 Qc3 38. Qxc3 Bxc3 39. Rc2 Bd4 40. Nb4
Rc8 41. Nxc6 bxc6 42. Ne2 Bb6 43. b4 Ne6 44. b5 axb5 45. axb5 c5 46. Be3 Nd4
47. Bxd4 exd4 48. Nxd4 Re8 49. Nb3 Rxe4 50. Nxc5 Re5 51. Nd7 Rxb5 52. Rc8+ Kg7
53. Nxb6 Rxb6 54. Kh2 Rb3 55. f3 h5 56. Kg3 Rb2 57. Rc4 1/2-1/2

[Event "Russian Championship B15 1st league 2016"]
[Site "Loo"]
[Date "2016.04.20"]
[Round "1.19"]
[White "Shengeliya, Mikhail"]
[Black "Anikiev, Yan"]
[Result "1/2-1/2"]
[WhiteElo "1910"]
[BlackElo "1628"]
[PlyCount "80"]
[EventDate "2016.04.20"]

1. e4 e5 2. Nf3 Nc6 3. d4 exd4 4. Nxd4 Bc5 5. Be3 Qf6 6. c3 Nge7 7. Qd2 O-O 8.
Bc4 Ne5 9. Bb3 Qg6 10. f3 d6 11. O-O a5 12. a4 Be6 13. Nxe6 Bxe3+ 14. Qxe3 fxe6
15. Nd2 Nd7 16. f4 Kh8 17. Nf3 Nc5 18. Bc2 Nc6 19. Rf2 Qf6 20. Ng5 e5 21. Raf1
Qe7 22. fxe5 Nxe5 23. b4 axb4 24. cxb4 Ncd7 25. Rxf8+ Rxf8 26. Rxf8+ Qxf8 27.
Bb3 Qf6 28. Qa7 g6 29. Qa8+ Nf8 30. Ne6 Ned7 31. Nxf8 Nxf8 32. g3 Kg7 33. Bd5
Qa1+ 34. Kg2 Qb2+ 35. Kh3 Qe5 36. Qxb7 Qh5+ 37. Kg2 Qe2+ 38. Kg1 Qe1+ 39. Kg2
Qe2+ 40. Kh3 Qh5+ 1/2-1/2

[Event "Russian Championship B15 1st league 2016"]
[Site "Loo"]
[Date "2016.04.20"]
[Round "1.20"]
[White "Safin, Danis"]
[Black "Suvorov, Aleksandr"]
[Result "0-1"]
[WhiteElo "1627"]
[BlackElo "1907"]
[PlyCount "102"]
[EventDate "2016.04.20"]

1. e4 c5 2. Nf3 Nc6 3. d4 cxd4 4. Nxd4 e6 5. Nc3 Qc7 6. Be2 a6 7. Be3 Nf6 8.
O-O Be7 9. Kh1 O-O 10. f4 d6 11. Bf3 Na5 12. Qe2 Nc4 13. Bc1 Rb8 14. b3 Na5 15.
Bb2 b5 16. Rad1 Bb7 17. e5 dxe5 18. fxe5 Nd7 19. Bxb7 Rxb7 20. Nf3 Rc8 21. Rf2
Nc6 22. Ne4 Ndxe5 23. Nxe5 Nxe5 24. Qh5 f6 25. Bxe5 Qxe5 26. Qxe5 fxe5 27. Rfd2
h6 28. h3 Rc6 29. Rd7 Rbc7 30. c3 Kf8 31. R7d3 a5 32. Rf1+ Kg8 33. Rdf3 a4 34.
Ra1 Ra6 35. Rd1 axb3 36. axb3 Ra2 37. Rfd3 Re2 38. Ng3 Rb2 39. b4 Rc4 40. Nf1
Bg5 41. Ne3 Re4 42. Re1 Bh4 43. Rf1 Rb3 44. Rf3 Rexb4 45. Ng4 Rxg4 46. hxg4 e4
47. g3 Bg5 48. Rf1 exd3 49. Rd1 d2 50. Kg2 Rxc3 51. Kf2 Rc1 0-1

[Event "Russian Championship B15 1st league 2016"]
[Site "Loo"]
[Date "2016.04.20"]
[Round "1.21"]
[White "Gabdrakhmanov, Azat"]
[Black "Ananjev, Ilija"]
[Result "1-0"]
[WhiteElo "1904"]
[BlackElo "1624"]
[PlyCount "55"]
[EventDate "2016.04.20"]

1. e4 c5 2. Nf3 d6 3. d4 cxd4 4. Nxd4 Nf6 5. Nc3 a6 6. Be3 e6 7. f3 Be7 8. Qd2
b5 9. g4 Bb7 10. O-O-O Nc6 11. Kb1 Qc7 12. h4 b4 13. Nce2 d5 14. g5 Nxd4 15.
Nxd4 Nd7 16. exd5 Bxd5 17. Bh3 Rd8 18. Qf2 Rc8 19. h5 Bc5 20. g6 hxg6 21. hxg6
f5 22. Nxf5 Bxa2+ 23. Kxa2 exf5 24. Bxf5 Rxh1 25. Bxd7+ Ke7 26. Bg5+ Kf8 27.
Rxh1 Qa5+ 28. Kb1 1-0

[Event "Russian Championship B15 1st league 2016"]
[Site "Loo"]
[Date "2016.04.20"]
[Round "1.22"]
[White "Foshenko, Kirill"]
[Black "Zhafyarov, Adel"]
[Result "0-1"]
[WhiteElo "1620"]
[BlackElo "1899"]
[PlyCount "70"]
[EventDate "2016.04.20"]

1. d4 Nf6 2. c4 e6 3. Nf3 d5 4. g3 Nbd7 5. Bg2 b6 6. Ne5 Bb7 7. Nc3 c6 8. O-O
Be7 9. e4 dxc4 10. Nxc4 b5 11. Qb3 Ba6 12. e5 bxc4 13. Qa4 Bb5 14. Nxb5 cxb5
15. Qxb5 Nd5 16. Bxd5 exd5 17. Qxd5 Nb6 18. Qc6+ Qd7 19. Qe4 Qd5 20. Qg4 g6 21.
Bh6 Bf8 22. Be3 h5 23. Qf4 Nd7 24. e6 fxe6 25. Qh4 Qf5 26. d5 exd5 27. Bd4 g5
28. g4 Qf4 29. Rfe1+ Kd8 30. Qg3 Qxd4 31. gxh5 Qf4 32. Qh3 Nf6 33. Qc3 Bd6 34.
Qh3 Rxh5 35. Qg3 Kd7 0-1

[Event "Russian Championship B15 1st league 2016"]
[Site "Loo"]
[Date "2016.04.20"]
[Round "1.23"]
[White "Badalian, Daniel"]
[Black "Pynko, Alexander"]
[Result "1-0"]
[WhiteElo "1898"]
[BlackElo "1615"]
[PlyCount "83"]
[EventDate "2016.04.20"]

1. e4 e5 2. Nf3 Nc6 3. Bb5 d6 4. d4 exd4 5. Qxd4 Bd7 6. Bxc6 Bxc6 7. Bg5 Nf6 8.
Bxf6 Qxf6 9. Qxf6 gxf6 10. Nc3 O-O-O 11. O-O Rg8 12. Nd4 Bd7 13. f4 Bh3 14. Rf2
c5 15. Nde2 Be6 16. f5 Bc4 17. Nf4 Kb8 18. b3 Ba6 19. Ncd5 b6 20. Nxf6 Bg7 21.
N4h5 Bb7 22. Rd1 Bxf6 23. Nxf6 Rg7 24. Rfd2 Kc7 25. Rxd6 Rxd6 26. Ne8+ Kd7 27.
Nxd6 Kc6 28. c4 Ba6 29. Ne8 Rg8 30. Rd6+ Kb7 31. Nf6 Rg7 32. Rd7+ Kb8 33. Rd8+
Kc7 34. Rh8 Kc6 35. a4 Bb7 36. Kf2 Ba6 37. Kf3 Bb7 38. g4 a6 39. h4 b5 40. h5
bxa4 41. bxa4 h6 42. Rxh6 1-0

[Event "Russian Championship B15 1st league 2016"]
[Site "Loo"]
[Date "2016.04.20"]
[Round "1.24"]
[White "Tikhonov, Viacheslav"]
[Black "Yashmetov, Nikolay"]
[Result "1/2-1/2"]
[WhiteElo "1611"]
[BlackElo "1896"]
[PlyCount "111"]
[EventDate "2016.04.20"]

1. d4 Nf6 2. c4 e6 3. Nc3 Bb4 4. Qc2 b6 5. e4 Bxc3+ 6. bxc3 d6 7. Bg5 h6 8. Bh4
e5 9. Nf3 Nbd7 10. c5 Qe7 11. Bb5 O-O 12. cxd6 cxd6 13. O-O Qe6 14. Bc6 Rb8 15.
Qb3 Qg4 16. Bg3 Nxe4 17. h3 Qg6 18. Bxe4 Qxe4 19. Rfe1 Qg6 20. dxe5 dxe5 21.
Nxe5 Nxe5 22. Rxe5 Rb7 23. Rae1 Be6 24. Qa4 Rd8 25. Qc6 Rbd7 26. Bh4 Rd6 27.
Qe4 Qxe4 28. R5xe4 Rc8 29. R1e3 Rd1+ 30. Kh2 Rc1 31. Ra4 a5 32. Be7 Rc2 33. a3
Rxf2 34. Rd4 Kh7 35. Rd8 Rxd8 36. Bxd8 Bd5 37. Rg3 Rb2 38. h4 f5 39. Bc7 g6 40.
Kg1 Be4 41. c4 a4 42. Be5 Rb3 43. Bd6 Rxg3 44. Bxg3 Bd3 45. Bc7 Bxc4 46. Bxb6
g5 47. hxg5 hxg5 48. Bd8 Kg6 49. Kf2 Bb5 50. Kf3 Bc4 51. g3 Bb3 52. Be7 Bd1+
53. Ke3 Kh5 54. Bd8 Kg4 55. Bc7 Bf3 56. Bd6 1/2-1/2

[Event "Russian Championship B15 1st league 2016"]
[Site "Loo"]
[Date "2016.04.20"]
[Round "1.25"]
[White "Chizho, Aleksandr"]
[Black "Frolkin, Nikita"]
[Result "1-0"]
[WhiteElo "1893"]
[BlackElo "1602"]
[PlyCount "169"]
[EventDate "2016.04.20"]

1. d4 Nf6 2. c4 g6 3. Nc3 Bg7 4. e4 O-O 5. Nf3 d6 6. Be2 e5 7. O-O exd4 8. Nxd4
Re8 9. f3 Nbd7 10. Be3 Ne5 11. Rc1 Be6 12. Nxe6 fxe6 13. b4 a6 14. Qb3 c6 15.
Rfd1 Qc7 16. Na4 Ned7 17. Bf4 Ne5 18. Be3 Ned7 19. Rc2 Rac8 20. Rcd2 d5 21.
cxd5 exd5 22. Rc2 Qb8 23. exd5 Nxd5 24. Bc4 N7f6 25. Nb6 Rcd8 26. Rcd2 Qe5 27.
Bd4 Qc7 28. Bc5 Bf8 29. Bxf8 Kxf8 30. Nxd5 Nxd5 31. Qb2 Qe5 32. Qb3 b5 33. Bxd5
Rxd5 34. Rxd5 cxd5 35. Qc2 d4 36. Qd3 Qe3+ 37. Qxe3 Rxe3 38. Rxd4 Re2 39. Rd8+
Kg7 40. Rd7+ Kh6 41. h4 Rxa2 42. g4 g5 43. Rd6+ Kg7 44. hxg5 Ra4 45. Kg2 Rxb4
46. Rxa6 Rb2+ 47. Kg3 b4 48. Kf4 Rb1 49. Rb6 b3 50. Kf5 b2 51. Rb7+ Kf8 52. f4
Ke8 53. Rb4 Kf7 54. Rb7+ Ke8 55. g6 hxg6+ 56. Kg5 Kf8 57. Kf6 Ke8 58. Kxg6 Rg1
59. Rxb2 Rxg4+ 60. Kf5 Rg3 61. Kf6 Kd7 62. Re2 Rg4 63. f5 Rf4 64. Kg6 Kd8 65.
f6 Rf1 66. f7 Rg1+ 67. Kh7 Rh1+ 68. Kg8 Rg1+ 69. Kf8 Kd7 70. Rd2+ Kc7 71. Rd5
Kc6 72. Rd4 Kc7 73. Rd5 Kc6 74. Re5 Kd7 75. Re7+ Kd8 76. Re2 Kd7 77. Rd2+ Kc7
78. Rd5 Kc6 79. Rd4 Kc5 80. Rd7 Kc6 81. Re7 Rb1 82. Re6+ Kd7 83. Rg6 Rf1 84.
Kg8 Ke7 85. Rg7 1-0

[Event "Russian Championship B15 1st league 2016"]
[Site "Loo"]
[Date "2016.04.20"]
[Round "1.26"]
[White "Kulakov, Ilya"]
[Black "Vasiliev, Georgiy"]
[Result "0-1"]
[WhiteElo "1599"]
[BlackElo "1886"]
[PlyCount "78"]
[EventDate "2016.04.20"]

1. d4 Nf6 2. c4 g6 3. Nf3 Bg7 4. Nc3 O-O 5. g3 d6 6. Bg2 Nc6 7. O-O a6 8. h3
Rb8 9. d5 Na5 10. Qd3 c5 11. e4 b5 12. Nd2 e6 13. a4 exd5 14. cxd5 c4 15. Qe3
b4 16. Ne2 Re8 17. Qf3 Nd7 18. g4 Qc7 19. Qg3 c3 20. bxc3 bxc3 21. Nf3 Rxe4 22.
Nf4 Nc5 23. Ne1 Rxa4 24. Rxa4 Nxa4 25. Ned3 c2 26. Qe3 Bd7 27. Ne2 Re8 28. Qf3
Bb5 29. g5 Nb3 30. h4 Qc4 31. Nef4 Nd4 32. Qh3 Nc3 33. Nb2 Nde2+ 34. Nxe2 Nxe2+
35. Kh1 Qb4 36. Nd3 Bxd3 37. Qxd3 Nxc1 38. Qxc2 Nb3 39. f4 Nc5 0-1

[Event "Russian Championship B15 1st league 2016"]
[Site "Loo"]
[Date "2016.04.20"]
[Round "1.27"]
[White "Zavialov, Nikita A"]
[Black "Balashov, Egor"]
[Result "1-0"]
[WhiteElo "1883"]
[BlackElo "1596"]
[PlyCount "93"]
[EventDate "2016.04.20"]

1. e4 e6 2. d4 d5 3. exd5 exd5 4. Nf3 Bd6 5. Bd3 Nc6 6. O-O Nb4 7. Re1+ Ne7 8.
Bg5 f6 9. Bh4 Nxd3 10. Qxd3 O-O 11. Bg3 Bf5 12. Qd2 Re8 13. Nc3 c6 14. Re2 Bg6
15. Rae1 Bxg3 16. hxg3 Qd7 17. g4 Kf8 18. Qf4 Bf7 19. g5 Ng6 20. Qh2 Kg8 21.
gxf6 gxf6 22. Nh4 Rxe2 23. Rxe2 Re8 24. Qg3 Kh8 25. Qf3 Qd8 26. Nf5 Rxe2 27.
Nxe2 Ne7 28. Nh6 Kg7 29. Ng4 Ng6 30. Ng3 Nf8 31. Nf5+ Kh8 32. Ngh6 Bg6 33. Qg3
Qe8 34. Qc7 Bxf5 35. Nxf5 Nd7 36. Qxb7 Qe1+ 37. Kh2 Qe8 38. g4 Qb8+ 39. Qxb8+
Nxb8 40. Kg3 Kg8 41. Kf4 Kf7 42. Nd6+ Ke6 43. Nb7 h6 44. Nc5+ Kf7 45. Kf5 a6
46. a3 a5 47. a4 1-0

[Event "Russian Championship B15 1st league 2016"]
[Site "Loo"]
[Date "2016.04.20"]
[Round "1.28"]
[White "Shmelev, Mikhail"]
[Black "Prokofiev, Matvey"]
[Result "1-0"]
[WhiteElo "1589"]
[BlackElo "1875"]
[PlyCount "120"]
[EventDate "2016.04.20"]

1. e4 c5 2. Nf3 d6 3. d4 cxd4 4. Nxd4 Nf6 5. Nc3 a6 6. Be3 e5 7. Nb3 Be7 8. f3
Be6 9. Qd2 Nbd7 10. O-O-O b5 11. g4 Nb6 12. Bxb6 Qxb6 13. Nd5 Bxd5 14. exd5 h6
15. Kb1 a5 16. Qd3 Rb8 17. h4 Nd7 18. Nd2 Nc5 19. Qe2 a4 20. Ne4 b4 21. Nxc5
Qxc5 22. Qc4 Qxc4 23. Bxc4 O-O 24. Bd3 b3 25. cxb3 axb3 26. a3 g6 27. Rc1 f5
28. gxf5 gxf5 29. Rhg1+ Kh8 30. Rc7 Rg8 31. Rh1 Rg7 32. Bxf5 Rbg8 33. Bg4 e4
34. h5 Rf8 35. fxe4 Rxg4 36. Rxe7 Rg2 37. Rb7 Rg3 38. Re1 Rgf3 39. Rb6 Rf1 40.
Rc1 R1f4 41. Rxd6 Rxe4 42. Rxh6+ Kg7 43. Rg6+ Kh8 44. Rb6 Re5 45. Rxb3 Rxd5 46.
Rbc3 Rxh5 47. Rc8 Rxc8 48. Rxc8+ Kg7 49. Ka2 Kf7 50. a4 Ke7 51. Ka3 Kd7 52. Rc3
Rd5 53. b4 Rd1 54. Kb2 Rd4 55. Kb3 Rd1 56. a5 Rb1+ 57. Ka4 Ra1+ 58. Kb5 Rh1 59.
Kb6 Kd6 60. a6 Rb1 1-0